Orientaciones modernas en la enseñanza de la aritmética
Αποθηκεύτηκε σε:
| Κύριος συγγραφέας: | |
|---|---|
| Μορφή: | Βιβλίο |
| Γλώσσα: | Ισπανικά |
| Έκδοση: |
Santiago
Publicaciones del Departamento Técnico
1929
|
| Θέματα: | |
| Ετικέτες: |
Προσθήκη ετικέτας
Δεν υπάρχουν, Καταχωρήστε ετικέτα πρώτοι!
|
MARC
| LEADER | 00000nam a2200000 a 4500 | ||
|---|---|---|---|
| 001 | UCZ5943 | ||
| 003 | CL-VaPUC | ||
| 008 | 951130e19290000CL |||||||||||||||||spa|d | ||
| 082 | 0 | 4 | |a 372.72 |b KUH |2 21 |
| 100 | 0 | |a Kuhnel, Johannes |e author |9 350150 | |
| 245 | 1 | 0 | |a Orientaciones modernas en la enseñanza de la aritmética |
| 300 | |a 104 p | ||
| 942 | |c BK | ||
| 945 | |d 19951130 00:00:00 |a rleighto | ||
| 260 | |a Santiago |b Publicaciones del Departamento Técnico |c 1929 | ||
| 650 | 0 | |a Aritmética |9 270049 | |
| 650 | 0 | |a Matemáticas |x Enseñanza |9 875527 | |
| 650 | 0 | |a Educación básica |9 224933 | |
| 650 | 0 | |a Métodos de enseñanza |9 270413 | |
| 583 | |a last modification |c 20170726 04:55:31 |k Rodrigo Vera | ||
| 999 | |c 242216 |d 242214 | ||
| 952 | |0 0 |1 0 |4 0 |6 372_720000000000000_KUH_1929 |7 0 |8 P |9 255007 |a BIBEDU |b BIBEDU |c BIBEDU_PB |d 2019-11-19 |i 3153541 |o 372.72 KUH 1929 |p 3153541 |r 2024-01-25 |w 2019-11-19 |y BK |k EDU | ||